000
00274nam a2200109Ia 4500
008
220204s9999 xx 000 0 und d
082
_a
92SHA
_b
HAL
100
_a
Halliday, F E
245
0
_a
Shakespeare and his world
260
_a
London
_b
Thames and Hudson
_c
1976
942
_c
BK
999
_c
34511
_d
34511